[Event "ch-NED Rapid Women 2015"]
[Site "Amstelveen NED"]
[Date "2015.10.04"]
[Round "1.1"]
[White "Keetman, Maaike"]
[Black "Lanchava, Tea"]
[Result "0-1"]
[BlackTitle "IM"]
[WhiteElo "2115"]
[BlackElo "2276"]
[WhiteFideId "1033697"]
[BlackFideId "1005308"]
[EventDate "2015.10.04"]

1. e4 g6 2. d4 Bg7 3. Nc3 c6 4. Be3 d6 5. Qd2 Nd7 6. O-O-O b5 7. f4 Nb6 8. Bd3
Nf6 9. Nf3 Qc7 10. h3 b4 11. Ne2 c5 12. dxc5 dxc5 13. Bb5+ Nfd7 14. f5 a6 15.
Bxd7+ Bxd7 16. c3 O-O 17. Bh6 Nc4 18. Qf4 Qxf4+ 19. Bxf4 Bc6 20. cxb4 Bxb2+ 21.
Kc2 Ba4+ 22. Kd3 Bxd1 23. Rxd1 Rfd8+ 24. Kc2 Rxd1 25. Kxd1 cxb4 26. Kc2 Bg7 27.
Kb3 Nb2 28. Ned4 Nd3 29. Bd2 a5 30. Kc4 Nf2 31. e5 Ne4 32. Be1 Rc8+ 33. Kb5 Rc5+
34. Kb6 Bxe5 35. Nb3 Bc7+ 36. Kb7 Nd6+ 37. Ka7 Rc2 0-1

[Event "ch-NED Rapid Women 2015"]
[Site "Amstelveen NED"]
[Date "2015.10.04"]
[Round "1.2"]
[White "Paulet, Iozefina"]
[Black "De Jong-Muhren, Bianca"]
[Result "1/2-1/2"]
[WhiteTitle "WGM"]
[BlackTitle "WGM"]
[WhiteElo "2184"]
[BlackElo "2300"]
[WhiteFideId "1213261"]
[BlackFideId "1008498"]
[EventDate "2015.10.04"]

1. e4 c5 2. Nc3 e6 3. Nf3 Nc6 4. d4 cxd4 5. Nxd4 Qc7 6. Be3 a6 7. Be2 Nf6 8. O-O
Be7 9. f4 d6 10. a4 O-O 11. Nb3 b6 12. Qe1 Nb4 13. Bd3 Bb7 14. h3 Rac8 15. Qf2
Nd7 16. Kh1 Nc5 17. Nxc5 bxc5 18. Rfe1 d5 19. exd5 exd5 20. f5 Nxd3 21. cxd3 d4
22. Bf4 Qd7 23. Nb1 Rfe8 24. Bg3 Bg5 25. Na3 Rxe1+ 26. Rxe1 Be3 27. Qf1 Rc6 28.
Nc4 Rh6 29. Kh2 Qxa4 30. Nxe3 dxe3 31. Rxe3 Rb6 32. Qe2 h6 33. Be5 Bd5 34. f6 g6
35. Bg3 Re6 36. Rxe6 Bxe6 37. Qe5 Qc6 38. Qb8+ Qc8 39. Qf4 Kh7 40. Bf2 Bf5 41.
h4 Bxd3 42. Be3 Qf8 43. Qc7 c4 44. Qe7 Qg8 45. Qd6 a5 46. Qc7 a4 47. Qd7 Be4 48.
Bf4 Bf5 49. Qxa4 Be6 50. Qd1 Qe8 51. Qd2 Qf8 52. Qe3 Bf5 53. Qd2 Be6 54. Qc1 Bd5
55. Qe3 Be6 56. h5 gxh5 57. Qe4+ Kh8 58. Qe5 Bg4 59. Qd5 Be6 60. Qxh5 Kh7 61.
Qe5 Qg8 62. Qe4+ Qg6 63. Qxg6+ Kxg6 64. Be5 Kf5 65. Bc3 Kg4 66. g3 1/2-1/2

[Event "ch-NED Rapid Women 2015"]
[Site "Amstelveen NED"]
[Date "2015.10.04"]
[Round "1.3"]
[White "Kazarian, Anna-Maja"]
[Black "Schut, Lisa"]
[Result "0-1"]
[WhiteTitle "WFM"]
[BlackTitle "WIM"]
[WhiteElo "2259"]
[BlackElo "2262"]
[WhiteFideId "1033689"]
[BlackFideId "1019481"]
[EventDate "2015.10.04"]

1. e4 c5 2. Nf3 d6 3. d4 cxd4 4. Nxd4 Nf6 5. Nc3 a6 6. Be3 Ng4 7. Bc1 Nf6 8. Be2
e5 9. Nb3 Be7 10. O-O O-O 11. Kh1 Nbd7 12. f4 b5 13. a4 b4 14. Nd5 Bb7 15. Bf3
Bxd5 16. exd5 e4 17. Be2 Nb6 18. g4 a5 19. Bb5 Qc8 20. Bc6 Ra6 21. g5 Nfd7 22.
Nd4 Nb8 23. f5 Nxc6 24. Nxc6 Nxd5 25. Nxe7+ Nxe7 26. f6 Ng6 27. fxg7 Re8 28. Qd5
Qe6 29. Qb5 e3 30. Qe2 Qd5+ 31. Qg2 Qxg2+ 32. Kxg2 Rc6 33. Kf3 Nh4+ 34. Ke2
Rxc2+ 35. Kd3 Rxh2 36. Bxe3 Rh3 37. Rae1 Ng2 38. Re2 Rexe3+ 39. Rxe3 Rxe3+ 40.
Kd4 Re5 41. Rf6 Rxg5 42. Rxd6 h5 0-1

[Event "ch-NED Rapid Women 2015"]
[Site "Amstelveen NED"]
[Date "2015.10.04"]
[Round "1.4"]
[White "Haast, Anne"]
[Black "Peng, Zhaoqin"]
[Result "1-0"]
[WhiteTitle "WGM"]
[BlackTitle "GM"]
[WhiteElo "2384"]
[BlackElo "2376"]
[WhiteFideId "1017292"]
[BlackFideId "1004786"]
[EventDate "2015.10.04"]

1. e4 e6 2. d4 d5 3. Nd2 Be7 4. Ngf3 Nf6 5. e5 Nfd7 6. Bd3 c5 7. c3 Nc6 8. O-O
a6 9. Re1 g5 10. Nf1 g4 11. N3d2 h5 12. f3 cxd4 13. cxd4 Qb6 14. Kh1 Qxd4 15.
Nb3 Qa4 16. Bc2 gxf3 17. Qxf3 Qg4 18. Qf2 h4 19. Bd2 a5 20. Ne3 Qg7 21. Bc3 a4
22. Nd4 Nxd4 23. Bxd4 h3 24. g3 b6 25. Bd3 Bc5 26. Nc2 Rh5 27. Bb5 Rf5 28. Qd2
Qg4 29. Bxc5 bxc5 30. Ne3 Qf3+ 31. Kg1 Rxe5 32. Bf1 Bb7 33. Bxh3 d4 34. Ng2 Rh5
35. Rf1 Qd5 36. Bg4 Rh7 37. Bf3 Qxf3 38. Rxf3 Bxf3 39. Qg5 Rh5 40. Qg7 Rb8 41.
Rf1 Bxg2 42. Qg8+ Ke7 43. Rxf7+ Kd6 44. Rxd7+ Kxd7 45. Qxb8 Bd5 46. Qa7+ Kd6 47.
Qb6+ Bc6 48. Qd8+ Bd7 49. Kf2 Rxh2+ 50. Kf3 Rxb2 51. a3 Rb3+ 52. Ke4 Re3+ 53.
Kf4 Rxa3 54. Qb8+ Kc6 55. Ke5 Re3+ 56. Kf6 d3 57. Ke7 Kd5 58. Qd6+ Kc4 59. Qf4+
Kc3 60. Qxe3 Bb5 61. Qc1+ Kd4 62. Qb2+ Kc4 63. g4 a3 64. Qxa3 d2 65. Qa1 Kd3 66.
g5 Ke2 67. Qe5+ Kf1 1-0

[Event "ch-NED Rapid Women 2015"]
[Site "Amstelveen NED"]
[Date "2015.10.04"]
[Round "2.1"]
[White "Lanchava, Tea"]
[Black "Peng, Zhaoqin"]
[Result "1/2-1/2"]
[WhiteTitle "IM"]
[BlackTitle "GM"]
[WhiteElo "2276"]
[BlackElo "2376"]
[WhiteFideId "1005308"]
[BlackFideId "1004786"]
[EventDate "2015.10.04"]

1. Nf3 d5 2. b3 Bg4 3. Bb2 Nd7 4. h3 Bxf3 5. gxf3 Ngf6 6. Rg1 e5 7. Bg2 c6 8. d3
Bb4+ 9. Kf1 O-O 10. e3 Qe7 11. a3 Bd6 12. Nc3 Rae8 13. Ne2 Nh5 14. c4 Qh4 15.
Qe1 f5 16. cxd5 cxd5 17. f4 Ndf6 18. fxe5 Bxe5 19. Bxe5 Rxe5 20. Qb4 f4 21. Nxf4
Nxf4 22. Qxf4 Qxf4 23. exf4 Rf5 24. Rc1 Nh5 25. Rc7 g6 26. Bf3 Nxf4 27. Bg4 Re5
28. Rg3 d4 29. Rf3 h5 30. Bc8 g5 31. Bxb7 Rf7 32. Rc8+ Kg7 33. Be4 h4 34. Rc4
Rd7 35. Rxf4 gxf4 36. Ke2 Rg5 37. Kf3 Rg1 38. Kxf4 Rf7+ 39. Bf5 Rg2 40. f3 Rg3
41. Ke4 Re7+ 42. Kxd4 Rxf3 43. Rc5 Kf6 44. Bg4 Rf4+ 45. Kc3 Rxg4 46. hxg4 Rh7
47. Rf5+ Kg6 48. Rf1 Kg5 49. d4 h3 50. d5 h2 51. Rh1 Kxg4 52. Kd4 Kg3 53. d6 Kg2
54. Rd1 h1=Q 55. Rxh1 Rxh1 56. Kc5 Rc1+ 57. Kb5 Rc3 58. d7 Rxb3+ 59. Kc6 Rc3+
60. Kb7 Rd3 61. Kc8 Rc3+ 62. Kb7 Rd3 63. Kc8 1/2-1/2

[Event "ch-NED Rapid Women 2015"]
[Site "Amstelveen NED"]
[Date "2015.10.04"]
[Round "2.2"]
[White "Schut, Lisa"]
[Black "Haast, Anne"]
[Result "0-1"]
[WhiteTitle "WIM"]
[BlackTitle "WGM"]
[WhiteElo "2262"]
[BlackElo "2384"]
[WhiteFideId "1019481"]
[BlackFideId "1017292"]
[EventDate "2015.10.04"]

1. e4 c5 2. Nf3 e6 3. g3 d5 4. exd5 exd5 5. d4 Nf6 6. Bg2 Be7 7. O-O O-O 8. dxc5
h6 9. b4 a5 10. c3 axb4 11. cxb4 Na6 12. Qb3 b6 13. Nd4 Nxb4 14. cxb6 Qxb6 15.
Bb2 Bc5 16. Rd1 Bg4 17. f3 Bd7 18. a4 Rfe8 19. Kh1 Re7 20. Nb5 Rae8 21. N1c3 Re3
22. Ba3 Qa5 23. Qb1 d4 24. Ne4 Nxe4 25. fxe4 Qxa4 26. Bxb4 Qxb5 27. Bxc5 Qxc5
28. Rc1 Qh5 29. Rc7 Bh3 30. Bxh3 Qxh3 31. Qf1 Qe6 32. Kg1 Rxe4 33. Rd1 Re2 34.
Qf3 d3 35. Rf1 Qb6+ 0-1

[Event "ch-NED Rapid Women 2015"]
[Site "Amstelveen NED"]
[Date "2015.10.04"]
[Round "2.3"]
[White "De Jong-Muhren, Bianca"]
[Black "Kazarian, Anna-Maja"]
[Result "1-0"]
[WhiteTitle "WGM"]
[BlackTitle "WFM"]
[WhiteElo "2300"]
[BlackElo "2259"]
[WhiteFideId "1008498"]
[BlackFideId "1033689"]
[EventDate "2015.10.04"]

1. e4 e6 2. d4 d5 3. Nc3 Nf6 4. e5 Nfd7 5. f4 c5 6. Nf3 Nc6 7. Be3 a6 8. Qd2 b5
9. dxc5 Bxc5 10. Bd3 Qb6 11. Bf2 Bxf2+ 12. Qxf2 Qxf2+ 13. Kxf2 Nc5 14. a3 b4 15.
Ne2 f6 16. Ned4 Nxd4 17. Nxd4 Rb8 18. b3 bxa3 19. Rxa3 fxe5 20. fxe5 O-O+ 21.
Ke3 Rb7 22. Ra5 Nxd3 23. cxd3 Rc7 24. Rb1 g5 25. b4 Kg7 26. Rc5 Rcf7 27. Rc6 Kg6
28. Rbc1 Bd7 29. Rxa6 Rb8 30. b5 Bxb5 31. Rxe6+ Kg7 32. Rb1 Rfb7 33. Rxb5 Rxb5
34. Nxb5 Rxb5 35. Kd4 g4 36. Ra6 Rb2 37. g3 Rxh2 38. Kxd5 Re2 39. Ra4 h5 40. e6
Kf8 41. Ra8+ Ke7 42. Ra7+ Kf6 43. Rf7+ Kg6 44. Rf4 Re3 45. d4 Rxg3 46. Re4 Ra3
47. e7 Ra5+ 48. Kc6 Ra8 49. e8=Q+ Rxe8 50. Rxe8 h4 51. d5 Kf7 52. Re4 g3 53.
Rxh4 1-0

[Event "ch-NED Rapid Women 2015"]
[Site "Amstelveen NED"]
[Date "2015.10.04"]
[Round "2.4"]
[White "Keetman, Maaike"]
[Black "Paulet, Iozefina"]
[Result "0-1"]
[BlackTitle "WGM"]
[WhiteElo "2115"]
[BlackElo "2184"]
[WhiteFideId "1033697"]
[BlackFideId "1213261"]
[EventDate "2015.10.04"]

1. e4 e6 2. b3 b6 3. Bb2 Bb7 4. Nc3 Nf6 5. e5 Nd5 6. Nxd5 Bxd5 7. Nf3 Be7 8. d4
f5 9. exf6 Bxf6 10. Bd3 O-O 11. Qe2 Nc6 12. c3 Bxf3 13. gxf3 Bg5 14. Rg1 Qf6 15.
Qe4 g6 16. Rg3 Bf4 17. Rh3 d5 18. Qe2 e5 19. Bc1 Rae8 20. Kf1 exd4 21. Qc2 Bxc1
22. Rxc1 Re7 23. Kg2 dxc3 24. Qxc3 Qxc3 25. Rxc3 Ne5 26. Bb5 d4 27. Rc1 c5 28.
Re1 Rf4 29. Kg3 Rxf3+ 30. Kg2 Rxh3 31. Kxh3 Kf8 32. Kg3 Nf7 33. Rd1 Nd6 34. Bd3
Kg7 35. Kf3 Kf6 36. Rc1 Nf7 37. Bb5 Ne5+ 38. Kg3 g5 39. f3 Ng6 40. b4 Rc7 41. a3
Nf4 42. h4 h6 43. hxg5+ hxg5 44. Rh1 d3 45. Kf2 c4 46. Ke3 c3 47. Bxd3 c2 48.
Rc1 Rc3 49. Rxc2 Rxd3+ 50. Ke4 Rxa3 51. Rc6+ Ne6 52. Rd6 Rb3 53. Kd5 Rd3+ 0-1

[Event "ch-NED Rapid Women 2015"]
[Site "Amstelveen NED"]
[Date "2015.10.04"]
[Round "3.1"]
[White "Paulet, Iozefina"]
[Black "Lanchava, Tea"]
[Result "1-0"]
[WhiteTitle "WGM"]
[BlackTitle "IM"]
[WhiteElo "2184"]
[BlackElo "2276"]
[WhiteFideId "1213261"]
[BlackFideId "1005308"]
[EventDate "2015.10.04"]

1. e4 g6 2. d4 Bg7 3. Nc3 a6 4. Be3 b5 5. Bd3 Bb7 6. Nf3 d6 7. Qd2 Nd7 8. a4 b4
9. Ne2 c5 10. dxc5 Nxc5 11. O-O Nxd3 12. cxd3 a5 13. Rac1 h6 14. Ned4 Nf6 15.
Nb5 Kf8 16. Rc7 Ba6 17. Rfc1 Kg8 18. Bb6 Kh7 19. R7c6 Qb8 20. Nc7 Bb7 21. R6c2
Nxe4 22. dxe4 Bxe4 23. Nxa8 Bxc2 24. Qxc2 Qxa8 25. b3 Rb8 26. Bd4 e5 27. Be3 d5
28. Qc7 d4 29. Bd2 Rb7 30. Qc6 Qb8 31. h3 Re7 32. Re1 f5 33. Qc5 Rc7 34. Qxa5 e4
35. Bf4 Ra7 36. Bxb8 Rxa5 37. Nd2 d3 38. Nc4 Rd5 39. Bf4 Bc3 40. Rd1 g5 41. Bd2
f4 42. a5 Kg6 43. a6 Rd7 44. Rc1 Rc7 45. Nd6 e3 46. fxe3 Ra7 47. Bxc3 bxc3 48.
Rxc3 d2 49. Rd3 fxe3 50. Kf1 Rxa6 51. Nc4 Ra1+ 52. Ke2 Re1+ 53. Kf3 d1=Q+ 54.
Rxd1 Rxd1 55. Kxe3 Kf5 56. b4 Ke6 57. Nb2 Kd5 58. Nxd1 1-0

[Event "ch-NED Rapid Women 2015"]
[Site "Amstelveen NED"]
[Date "2015.10.04"]
[Round "3.2"]
[White "Kazarian, Anna-Maja"]
[Black "Keetman, Maaike"]
[Result "1/2-1/2"]
[WhiteTitle "WFM"]
[WhiteElo "2259"]
[BlackElo "2115"]
[WhiteFideId "1033689"]
[BlackFideId "1033697"]
[EventDate "2015.10.04"]

1. e4 c5 2. Nf3 e6 3. d4 cxd4 4. Nxd4 Nc6 5. Nb5 d6 6. c4 a6 7. N5c3 Nf6 8. Be3
Be7 9. Be2 O-O 10. O-O b6 11. Na3 Bb7 12. Nc2 Rc8 13. f3 Ne5 14. Qd4 Qc7 15.
Qxb6 Qxb6 16. Bxb6 Nxc4 17. Bd4 d5 18. b3 e5 19. bxc4 exd4 20. Nxd5 Nxd5 21.
exd5 Bxd5 22. cxd5 Rxc2 23. Bxa6 Ra8 24. Bd3 Rcxa2 25. Rxa2 Rxa2 26. Re1 Kf8 27.
Bb5 f6 28. Re6 Rb2 29. Bd3 Kf7 30. Bc4 Rc2 31. Rc6 Bd6 32. Bd3 Rxc6 33. dxc6 h6 1/2-1/2

[Event "ch-NED Rapid Women 2015"]
[Site "Amstelveen NED"]
[Date "2015.10.04"]
[Round "3.3"]
[White "Haast, Anne"]
[Black "De Jong-Muhren, Bianca"]
[Result "1-0"]
[WhiteTitle "WGM"]
[BlackTitle "WGM"]
[WhiteElo "2384"]
[BlackElo "2300"]
[WhiteFideId "1017292"]
[BlackFideId "1008498"]
[EventDate "2015.10.04"]

1. e4 c5 2. Nf3 e6 3. d4 cxd4 4. Nxd4 Nc6 5. Nc3 Qc7 6. Be3 a6 7. Qd2 Nf6 8.
O-O-O Be7 9. f3 b5 10. g4 Nxd4 11. Qxd4 Bb7 12. g5 Nh5 13. Rd2 Rc8 14. Ne2 e5
15. Qd3 g6 16. Bh3 Rd8 17. Nc3 Ng7 18. Bg4 Ne6 19. h4 Qc4 20. Qxc4 bxc4 21. Nd5
Bxd5 22. exd5 Bc5 23. Re1 Bxe3 24. Rxe3 Nc5 25. Rxe5+ Kf8 26. Rd4 c3 27. b4 Na4
28. h5 d6 29. Re3 gxh5 30. Bxh5 Rg8 31. f4 Rd7 32. Rde4 Kg7 33. Re7 Rxe7 34.
Rxe7 Rf8 35. Kd1 Nb6 36. Bf3 h6 37. gxh6+ Kxh6 38. Ke2 Kg7 39. Rb7 Na4 40. Bh5
Kf6 41. Kd3 Kf5 42. Rxf7+ Rxf7 43. Bxf7 Kxf4 44. Kd4 Kf3 45. Be8 Nb6 46. a4 Ke2
47. a5 Na8 48. Kxc3 Nc7 49. Bc6 Kd1 50. Kd3 Kc1 51. c4 Kb2 52. b5 axb5 53. cxb5
Kb3 54. a6 Kb4 55. a7 Kc5 56. a8=Q Nxa8 57. Bxa8 Kxb5 58. Ke4 1-0

[Event "ch-NED Rapid Women 2015"]
[Site "Amstelveen NED"]
[Date "2015.10.04"]
[Round "3.4"]
[White "Peng, Zhaoqin"]
[Black "Schut, Lisa"]
[Result "1-0"]
[WhiteTitle "GM"]
[BlackTitle "WIM"]
[WhiteElo "2376"]
[BlackElo "2262"]
[WhiteFideId "1004786"]
[BlackFideId "1019481"]
[EventDate "2015.10.04"]

1. d4 Nf6 2. c4 g6 3. Nc3 d5 4. cxd5 Nxd5 5. Nxd5 Qxd5 6. e3 Bg7 7. Ne2 O-O 8.
Nc3 Qd8 9. Be2 e5 10. d5 c6 11. e4 cxd5 12. exd5 Nd7 13. O-O Nb6 14. Be3 f5 15.
Qb3 f4 16. Bc5 f3 17. Bxf3 Rxf3 18. gxf3 Bh3 19. Ne4 Bxf1 20. Bxb6 axb6 21. Rxf1
Kh8 22. d6 Qd7 23. Rc1 Rc8 24. Rxc8+ Qxc8 25. Qxb6 Qf5 26. Kg2 h5 27. Qd8+ Kh7
28. d7 g5 29. Nxg5+ Kh6 30. Ne4 Kh7 31. Qe8 h4 32. h3 1-0

[Event "ch-NED Rapid Women 2015"]
[Site "Amstelveen NED"]
[Date "2015.10.04"]
[Round "4.1"]
[White "Lanchava, Tea"]
[Black "Schut, Lisa"]
[Result "1-0"]
[WhiteTitle "IM"]
[BlackTitle "WIM"]
[WhiteElo "2276"]
[BlackElo "2262"]
[WhiteFideId "1005308"]
[BlackFideId "1019481"]
[EventDate "2015.10.04"]

1. Nf3 Nf6 2. d4 g6 3. e3 Bg7 4. Bd3 d5 5. b3 O-O 6. Nbd2 c5 7. Bb2 Nc6 8. a3
cxd4 9. exd4 Nh5 10. O-O Nf4 11. Bb5 Bg4 12. h3 Bf5 13. Bxc6 bxc6 14. Ne5 Qc7
15. Qf3 Ne6 16. g4 Bxc2 17. Rac1 Bxe5 18. dxe5 Be4 19. Nxe4 dxe4 20. Qxe4 Rab8
21. Rxc6 Qb7 22. b4 Ng5 23. Qg2 Nxh3+ 24. Kh2 Nf4 25. Qf3 Nd3 26. Ba1 Rfc8 27.
Rxc8+ Qxc8 28. Qxd3 Qxg4 29. Qg3 Qe6 30. Rd1 Rc8 31. Qh3 Qa6 32. e6 f6 33. Qd3
Qb6 34. Qe3 Qc7+ 35. Qg3 Qc6 36. Qe3 Qc4 37. Rd4 Qf1 38. Bc3 Qb5 39. Rh4 g5 40.
Rh3 Qf5 41. Kg2 Rc4 42. Qd3 Rg4+ 43. Kf1 Qxe6 44. Qxh7+ Kf8 45. Qh8+ Qg8 46.
Qxg8+ Kxg8 47. Rd3 Rc4 48. Ke2 e5 49. Bd2 Rc7 50. a4 Kf7 51. b5 Ke6 52. a5 Rb7
53. Rb3 e4 54. a6 Rb8 55. Be3 Ra8 56. b6 axb6 57. Rxb6+ Ke5 58. a7 Kd5 1-0

[Event "ch-NED Rapid Women 2015"]
[Site "Amstelveen NED"]
[Date "2015.10.04"]
[Round "4.2"]
[White "De Jong-Muhren, Bianca"]
[Black "Peng, Zhaoqin"]
[Result "1-0"]
[WhiteTitle "WGM"]
[BlackTitle "GM"]
[WhiteElo "2300"]
[BlackElo "2376"]
[WhiteFideId "1008498"]
[BlackFideId "1004786"]
[EventDate "2015.10.04"]

1. e4 e6 2. d4 d5 3. Nc3 Nf6 4. e5 Nfd7 5. f4 c5 6. Nf3 Nc6 7. Be3 cxd4 8. Nxd4
Bc5 9. Qd2 Bxd4 10. Bxd4 Nxd4 11. Qxd4 Qb6 12. Qd2 O-O 13. O-O-O Nc5 14. Be2 Bd7
15. Qd4 f6 16. exf6 Rxf6 17. Rhf1 Bc6 18. Bg4 Re8 19. Rfe1 Nd7 20. g3 Qxd4 21.
Rxd4 Kf8 22. Rd2 a5 23. Ne2 Nc5 24. Nd4 Bd7 25. Re5 Rc8 26. Kd1 b5 27. Rde2 Kf7
28. Bf3 b4 29. R2e3 h6 30. h4 Rc7 31. h5 Na4 32. Kc1 Nc5 33. Kd1 Na4 34. Kc1 Nc5
35. f5 exf5 36. Bxd5+ Kf8 37. Nxf5 Nd3+ 38. Rxd3 Bxf5 39. Be4 Bxe4 40. Rxe4 Rf2
41. Rf4+ Rxf4 42. gxf4 Rc5 43. Rh3 Kf7 44. Kd2 Kf6 45. c3 Kf5 46. Rg3 Rc7 47.
Rg6 bxc3+ 48. bxc3 Kxf4 49. Kd3 Rc5 50. Rxg7 Rxh5 51. Kd4 Rg5 52. Rh7 h5 53. c4
Kg3 54. c5 h4 55. c6 Rg8 56. c7 h3 57. Kc5 h2 58. a4 Kg2 59. Kb6 h1=Q 60. Rxh1
Kxh1 61. Kxa5 Kg2 62. Kb6 Kf3 63. Kb7 Ke4 1-0

[Event "ch-NED Rapid Women 2015"]
[Site "Amstelveen NED"]
[Date "2015.10.04"]
[Round "4.3"]
[White "Keetman, Maaike"]
[Black "Haast, Anne"]
[Result "0-1"]
[BlackTitle "WGM"]
[WhiteElo "2115"]
[BlackElo "2384"]
[WhiteFideId "1033697"]
[BlackFideId "1017292"]
[EventDate "2015.10.04"]

1. e4 c5 2. Nf3 e6 3. d4 cxd4 4. Nxd4 Nc6 5. Nc3 Qc7 6. Be3 a6 7. Qd2 Nf6 8.
O-O-O Bb4 9. f3 Ne7 10. g4 d5 11. e5 Nd7 12. f4 Nc5 13. Bg2 Na4 14. Nde2 Bd7 15.
Bd4 Nc6 16. Kb1 Nxd4 17. Qxd4 Nxc3+ 18. Nxc3 Bxc3 19. Qxc3 Qxc3 20. bxc3 Rc8 21.
Kb2 Ke7 22. Rd4 Rc5 23. Rhd1 Rhc8 24. R1d3 Bb5 25. Rh3 h6 26. Rb4 R8c7 27. a4
Bc4 28. f5 b5 29. a5 Rc8 30. Rg3 Rh8 31. Kc1 Rcc8 32. Kd2 h5 33. h3 hxg4 34.
hxg4 Rh2 35. Ke3 f6 36. Kd4 Rh4 37. fxe6 Kxe6 38. exf6 gxf6 39. Re3+ Kd6 40. Bf3
Rg8 41. Rb1 Rgxg4+ 0-1

[Event "ch-NED Rapid Women 2015"]
[Site "Amstelveen NED"]
[Date "2015.10.04"]
[Round "4.4"]
[White "Paulet, Iozefina"]
[Black "Kazarian, Anna-Maja"]
[Result "1/2-1/2"]
[WhiteTitle "WGM"]
[BlackTitle "WFM"]
[WhiteElo "2184"]
[BlackElo "2259"]
[WhiteFideId "1213261"]
[BlackFideId "1033689"]
[EventDate "2015.10.04"]

1. f4 d5 2. Nf3 c5 3. g3 Nc6 4. Bg2 e6 5. d3 Nf6 6. O-O Qc7 7. c3 b5 8. a3 a5 9.
e4 Bb7 10. exd5 exd5 11. d4 cxd4 12. Nxd4 Nxd4 13. cxd4 Ne4 14. Nc3 Nxc3 15.
bxc3 Be7 16. Qe2 O-O 17. Re1 Bf6 18. Bd2 Bc6 19. f5 b4 20. axb4 axb4 21. Rxa8
Rxa8 22. Bxd5 h6 23. Bxc6 Qxc6 24. cxb4 Bxd4+ 25. Be3 Re8 26. Qd2 Qe4 27. Bxd4
Qxe1+ 28. Qxe1 Rxe1+ 29. Kf2 Rb1 30. Bc5 f6 31. Kf3 Re1 32. Kf2 Re5 33. g4 h5
34. h3 hxg4 35. hxg4 Kf7 36. Kf3 g6 37. Bd4 Re1 38. b5 Rb1 39. b6 gxf5 40. gxf5
Rb5 41. Ke4 Ke7 42. Kf4 Rb4 43. Ke3 Kd6 44. Bxf6 Rxb6 45. Ke4 Rb4+ 46. Bd4 Ra4
47. f6 Ke6 48. Ke3 Ra3+ 49. Ke4 Rh3 50. Kf4 Rh4+ 51. Ke3 Rg4 52. Bb2 Rg3+ 53.
Kf4 Rb3 54. Bd4 Rb5 55. Ke4 1/2-1/2

[Event "ch-NED Rapid Women 2015"]
[Site "Amstelveen NED"]
[Date "2015.10.04"]
[Round "5.1"]
[White "Kazarian, Anna-Maja"]
[Black "Lanchava, Tea"]
[Result "1-0"]
[WhiteTitle "WFM"]
[BlackTitle "IM"]
[WhiteElo "2259"]
[BlackElo "2276"]
[WhiteFideId "1033689"]
[BlackFideId "1005308"]
[EventDate "2015.10.04"]

1. e4 g6 2. d4 Bg7 3. Nc3 a6 4. Bc4 b5 5. Bb3 Bb7 6. f3 d6 7. Be3 Nd7 8. a4 b4
9. Nb1 c5 10. c3 Rc8 11. cxb4 cxb4 12. Nd2 a5 13. Nc4 Ngf6 14. Ne2 d5 15. Ne5
O-O 16. Nxd7 Qxd7 17. e5 Ne8 18. Nc1 f6 19. Nd3 fxe5 20. dxe5 Ba8 21. Nc5 Qc6
22. Rc1 Rd8 23. Nd3 Qd7 24. Bb6 Rb8 25. Bxa5 Qa7 26. Bxb4 Bh6 27. Rc2 Kh8 28.
Re2 Ng7 29. Bc2 Rxb4 30. Nxb4 Qa5 31. Qd4 Rf4 32. Qc3 Rc4 33. Qb3 Rxb4 34. Qc3
Bb7 35. f4 d4 36. Qd2 d3 37. Bxd3 Bxf4 38. Qc3 Rxa4 39. Qxa5 Rxa5 40. O-O Ne6
41. b4 Rxe5 42. Rxe5 Bxe5 43. Bc4 Nd4 44. Rf8+ Kg7 45. Rf7+ Kh6 46. Rxe7 Nc6 47.
Rxb7 Bd4+ 48. Kf1 Ne5 49. Bg8 Kg5 50. Rxh7 Ng4 51. Rd7 Nxh2+ 52. Ke2 Bg1 53. Be6
Kf6 54. Bh3 g5 55. Rd1 Ba7 56. g4 Bb8 57. Rh1 Bg3 58. b5 Ke6 59. Rd1 Bc7 60. Kf2
Ke5 61. Kg2 Ke4 62. b6 Bb8 63. Rd8 1-0

[Event "ch-NED Rapid Women 2015"]
[Site "Amstelveen NED"]
[Date "2015.10.04"]
[Round "5.2"]
[White "Haast, Anne"]
[Black "Paulet, Iozefina"]
[Result "1-0"]
[WhiteTitle "WGM"]
[BlackTitle "WGM"]
[WhiteElo "2384"]
[BlackElo "2184"]
[WhiteFideId "1017292"]
[BlackFideId "1213261"]
[EventDate "2015.10.04"]

1. e4 e6 2. d4 d5 3. Nd2 Nf6 4. e5 Nfd7 5. Bd3 b6 6. c3 Ba6 7. Bb1 c5 8. Ne2
cxd4 9. cxd4 Nc6 10. Nf3 Rc8 11. O-O Qc7 12. Re1 Bxe2 13. Qxe2 Nxd4 14. Nxd4
Qxc1 15. Nxe6 Bb4 16. Rd1 Qh6 17. Nd4 O-O 18. Bf5 Rcd8 19. Bxd7 Rxd7 20. Qb5 Re7
21. Qxb4 Rxe5 22. Nf3 Rf5 23. Qg4 Qf6 24. Qd4 Qh6 25. Rac1 Re8 26. Re1 Rd8 27.
h3 g5 28. Ne5 Rf4 29. Qd3 Qf6 30. Ng4 Qxb2 31. Rc2 Qb4 32. Rce2 h5 33. Nh6+ Kg7
34. Nf5+ Kf6 35. Ng3 Rh8 36. Qxd5 1-0

[Event "ch-NED Rapid Women 2015"]
[Site "Amstelveen NED"]
[Date "2015.10.04"]
[Round "5.3"]
[White "Peng, Zhaoqin"]
[Black "Keetman, Maaike"]
[Result "1/2-1/2"]
[WhiteTitle "GM"]
[WhiteElo "2376"]
[BlackElo "2115"]
[WhiteFideId "1004786"]
[BlackFideId "1033697"]
[EventDate "2015.10.04"]

1. d4 Nf6 2. c4 g6 3. Nc3 Bg7 4. e4 d6 5. Bd3 O-O 6. Nge2 e5 7. d5 a5 8. O-O Na6
9. a3 Bd7 10. Bc2 Nh5 11. Rb1 f5 12. exf5 gxf5 13. Ng3 Nxg3 14. hxg3 Qf6 15. b4
e4 16. Ne2 Rae8 17. Nf4 axb4 18. axb4 Qc3 19. Bb2 Qxc4 20. Bxg7 Kxg7 21. Ba4 b5
22. Bb3 Qxb4 23. Qh5 Qd4 24. Rfd1 Qf6 25. Qe2 Qh6 26. Qa2 Nc5 27. Bc2 e3 28. Re1
exf2+ 29. Kxf2 Ne4+ 30. Bxe4 fxe4 31. Qc2 Rf7 32. Kg1 Qg5 33. Qxc7 Qe5 34. Qc2
Qd4+ 35. Kh2 Kh8 36. Rbd1 Qe5 37. Kg1 Rg7 38. Re3 Bf5 39. Qc6 Rc8 40. Qxb5 Rcg8
41. Qb3 Bg4 42. Rc1 Qd4 43. Qc3 Qxc3 44. Rcxc3 Bf5 45. Kf2 Ra8 46. Rc6 Rd7 47.
g4 Bxg4 48. Rxe4 Kg7 49. Kg3 Bf5 50. Re3 Kf6 51. Kf3 Kg5 52. Ne6+ Kf6 53. g4
Bxe6 54. dxe6 Re7 55. Rxd6 Rae8 56. Kf4 Rxe6 57. g5+ Kf7 58. Rexe6 Rxe6 1/2-1/2

[Event "ch-NED Rapid Women 2015"]
[Site "Amstelveen NED"]
[Date "2015.10.04"]
[Round "5.4"]
[White "Schut, Lisa"]
[Black "De Jong-Muhren, Bianca"]
[Result "0-1"]
[WhiteTitle "WIM"]
[BlackTitle "WGM"]
[WhiteElo "2262"]
[BlackElo "2300"]
[WhiteFideId "1019481"]
[BlackFideId "1008498"]
[EventDate "2015.10.04"]

1. e4 c5 2. Nf3 e6 3. g3 d5 4. exd5 exd5 5. d4 Nf6 6. Bg2 Be7 7. O-O O-O 8. dxc5
Bxc5 9. Nbd2 Nc6 10. Nb3 Be7 11. Nbd4 Bg4 12. Re1 Rc8 13. c3 Re8 14. h3 Bh5 15.
Nf5 Bc5 16. Bg5 Rxe1+ 17. Qxe1 Qd7 18. Nh6+ gxh6 19. Bxf6 Qe6 20. Be5 Bxf3 21.
Bxf3 Nxe5 0-1